[Event "GBR-ch85"]
[Site "Torquay"]
[Date "1998.08.06"]
[Round "10.9"]
[White "Bates, Richard A"]
[Black "Ledger, Andrew"]
[Result "0-1"]
[WhiteElo "2395"]
[BlackElo "2450"]
[PlyCount "58"]
[EventDate "1998.07.27"]
[EventType "swiss"]
[EventRounds "11"]
[EventCountry "GBR"]
[SourceTitle "BritBase"]
[Source "britbase.info"]
[SourceDate "2021.07.30"]
[SourceVersion "1"]
[SourceVersionDate "2021.07.30"]
[SourceQuality "1"]

1. e4 e5 2. Nc3 Nf6 3. g3 d5 4. exd5 Nxd5 5. Bg2 Nxc3 6. bxc3 Bc5 7. Nf3 Nc6 8.
O-O O-O 9. Re1 Qf6 10. d3 Bb6 11. Qe2 Be6 12. Bg5 Qg6 13. Be3 f6 14. d4 Ba5 15.
d5 Bxd5 16. Nxe5 Nxe5 17. Bxd5+ Kh8 18. Bd4 c6 19. Be4 Qf7 20. f4 Nc4 21. Rab1
Rfe8 22. Qg2 Rad8 23. Bd3 Bb6 24. Qf1 Nd2 25. Qh3 g6 26. Bxb6 Nxb1 27. Bxd8
Rxe1+ 28. Kf2 Re8 29. Qc8 Kg8 0-1

[Event "GBR-ch85"]
[Site "Torquay"]
[Date "1998.08.06"]
[Round "10.11"]
[White "Lalic, Susan"]
[Black "Arkell, Keith C"]
[Result "0-1"]
[WhiteElo "2350"]
[BlackElo "2475"]
[PlyCount "34"]
[EventDate "1998.07.27"]
[EventType "swiss"]
[EventRounds "11"]
[EventCountry "GBR"]
[SourceTitle "BritBase"]
[Source "britbase.info"]
[SourceDate "2021.07.30"]
[SourceVersion "1"]
[SourceVersionDate "2021.07.30"]
[SourceQuality "1"]

1. e4 c6 2. d4 d5 3. Nd2 dxe4 4. Nxe4 Nd7 5. Nf3 Ngf6 6. Nxf6+ Nxf6 7. Ne5 Bf5
8. Bc4 e6 9. g4 Bg6 10. h4 Nd7 11. Qe2 Nxe5 12. dxe5 h5 13. g5 Bc5 14. Bd2 Bxc2
15. g6 Bxg6 16. Rg1 Qxh4 17. Bxe6 fxe6 0-1

[Event "GBR-ch85"]
[Site "Torquay"]
[Date "1998.08.06"]
[Round "10.13"]
[White "Buckley, Graeme"]
[Black "Pert, Nicholas"]
[Result "0-1"]
[WhiteElo "2295"]
[BlackElo "2390"]
[PlyCount "82"]
[EventDate "1998.07.27"]
[EventType "swiss"]
[EventRounds "11"]
[EventCountry "GBR"]
[SourceTitle "BritBase"]
[Source "britbase.info"]
[SourceDate "2021.07.30"]
[SourceVersion "1"]
[SourceVersionDate "2021.07.30"]
[SourceQuality "1"]

1. d4 e6 2. c4 f5 3. g3 Nf6 4. Bg2 Be7 5. Nf3 d6 6. O-O O-O 7. Nc3 Qe8 8. b4
Nbd7 9. Qb3 h6 10. d5 e5 11. c5 Rf7 12. Ba3 dxc5 13. bxc5 Nxc5 14. Qc4 Nce4 15.
Bxe7 Qxe7 16. Rac1 Nd6 17. Qb3 Bd7 18. Rfd1 Re8 19. Na4 Bxa4 20. Qxa4 a6 21.
Ne1 Qd7 22. Qxd7 Rxd7 23. Nd3 b6 24. f4 Nf7 25. fxe5 Nxe5 26. Nf4 Neg4 27. Rd3
Ne3 28. Bf3 g5 29. Rc6 Rd6 30. Rxd6 cxd6 31. Ne6 Nexd5 32. Rxd5 Rxe6 33. Rxf5
Kg7 34. Kf2 Re7 35. Bg2 Ng4+ 36. Ke1 Ne3 37. Rf2 Nxg2+ 38. Rxg2 Re3 39. Kd1 Ra3
40. e4 Kf6 41. Re2 Ke5 0-1

[Event "GBR-ch85"]
[Site "Torquay"]
[Date "1998.08.06"]
[Round "10.14"]
[White "Dyce, Andrew"]
[Black "Pert, Richard G"]
[Result "1/2-1/2"]
[WhiteElo "2295"]
[BlackElo "2240"]
[PlyCount "34"]
[EventDate "1998.07.27"]
[EventType "swiss"]
[EventRounds "11"]
[EventCountry "GBR"]
[SourceTitle "BritBase"]
[Source "britbase.info"]
[SourceDate "2021.07.30"]
[SourceVersion "1"]
[SourceVersionDate "2021.07.30"]
[SourceQuality "1"]

1. e4 c5 2. Nf3 d6 3. Bb5+ Nd7 4. d4 Ngf6 5. e5 Qa5+ 6. Nc3 Ne4 7. Bd2 Nxc3 8.
Bxd7+ Bxd7 9. Bxc3 Qa6 10. Ng5 cxd4 11. Qxd4 dxe5 12. Qd5 e6 13. Qf3 f6 14.
O-O-O Bc6 15. Qg4 Bd5 16. Nxh7 O-O-O 17. Nxf8 Rhxf8 1/2-1/2

[Event "GBR-ch85"]
[Site "Torquay"]
[Date "1998.08.06"]
[Round "10.15"]
[White "Basman, Michael John"]
[Black "Eames, Robert"]
[Result "0-1"]
[WhiteElo "2360"]
[BlackElo "2232"]
[PlyCount "96"]
[EventDate "1998.07.27"]
[EventType "swiss"]
[EventRounds "11"]
[EventCountry "GBR"]
[SourceTitle "BritBase"]
[Source "britbase.info"]
[SourceDate "2021.07.30"]
[SourceVersion "1"]
[SourceVersionDate "2021.07.30"]
[SourceQuality "1"]

1. b4 e5 2. a3 a5 3. b5 d5 4. e3 Be6 5. Bb2 Nd7 6. Nf3 Bd6 7. c4 dxc4 8. Qc2
Ngf6 9. Ng5 Bg4 10. Bxc4 O-O 11. Bd3 h6 12. h3 Bh5 13. g4 hxg5 14. gxh5 Nxh5
15. Be2 Nhf6 16. Rg1 Nh7 17. Nc3 f5 18. O-O-O c6 19. bxc6 bxc6 20. h4 g4 21. f3
Rb8 22. fxg4 Qe7 23. Qa4 Nc5 24. Qc4+ Kh8 25. gxf5 Nb3+ 26. Kc2 Bxa3 27. Bxa3
Qxa3 28. Rb1 Na1+ 29. Kd3 Qd6+ 30. Ke4 Nf6+ 31. Kf3 e4+ 32. Nxe4 Nxe4 33. Qxe4
Nb3 34. Rxb3 Rxb3 35. Rg5 g6 36. Kg2 Rxf5 37. Rxf5 gxf5 38. Qe8+ Kg7 39. Bc4
Qxd2+ 40. Kf3 Qd1+ 41. Be2 Qh1+ 42. Kg3 Qg1+ 43. Kf3 Qg4+ 44. Kf2 Qxh4+ 45. Kf3
Qe4+ 46. Qxe4 fxe4+ 47. Kxe4 a4 48. Bc4 Rb2 0-1

[Event "GBR-ch85"]
[Site "Torquay"]
[Date "1998.08.06"]
[Round "10.17"]
[White "Hinks-Edwards, Thomas"]
[Black "Cooper, Andrew G"]
[Result "1-0"]
[WhiteElo "2315"]
[BlackElo "2145"]
[PlyCount "41"]
[EventDate "1998.07.27"]
[EventType "swiss"]
[EventRounds "11"]
[EventCountry "GBR"]
[SourceTitle "BritBase"]
[Source "britbase.info"]
[SourceDate "2021.07.30"]
[SourceVersion "1"]
[SourceVersionDate "2021.07.30"]
[SourceQuality "1"]

1. e4 e6 2. d4 d5 3. Nc3 Bb4 4. e5 c5 5. Bd2 Ne7 6. Nb5 Bxd2+ 7. Qxd2 O-O 8. c3
b6 9. f4 f5 10. exf6 Rxf6 11. Nf3 Ba6 12. a4 Nbc6 13. Bd3 Na5 14. Qe2 c4 15.
Bc2 Bxb5 16. axb5 Qd7 17. O-O h6 18. Ne5 Qc7 19. Ng4 Rxf4 20. Qxe6+ Kh8 21. Ne5
1-0

[Event "GBR-ch85"]
[Site "Torquay"]
[Date "1998.08.06"]
[Round "10.19"]
[White "Tebb, David"]
[Black "Smith, Andrew Philip"]
[Result "1/2-1/2"]
[WhiteElo "2250"]
[BlackElo "2290"]
[PlyCount "79"]
[EventDate "1998.07.27"]
[EventType "swiss"]
[EventRounds "11"]
[EventCountry "GBR"]
[SourceTitle "BritBase"]
[Source "britbase.info"]
[SourceDate "2021.07.30"]
[SourceVersion "1"]
[SourceVersionDate "2021.07.30"]
[SourceQuality "1"]

1. e4 c5 2. Nf3 e6 3. c3 d5 4. e5 Nc6 5. d4 Bd7 6. Be2 Qc7 7. O-O f6 8. Bf4
Nge7 9. Bg3 Nf5 10. exf6 Nxg3 11. f7+ Kxf7 12. fxg3 Ke8 13. dxc5 Bxc5+ 14. Kh1
Qb6 15. Qc2 Be3 16. Nbd2 Ke7 17. c4 Raf8 18. Nb3 Kd8 19. Rad1 Nb4 20. Qc3 Nxa2
21. Qe5 Kc8 22. Rd3 Bh6 23. Nbd4 Qc7 24. Qxc7+ Kxc7 25. cxd5 exd5 26. Ra1 Nb4
27. Rc3+ Nc6 28. Ne5 Ra8 29. Nb5+ Kc8 30. Rxa7 Rxa7 31. Nxa7+ Kc7 32. Nb5+ Kc8
33. Bf3 Rf8 34. Nd6+ Kc7 35. Nb5+ Kd8 36. Nxd7 Kxd7 37. Rd3 Ne7 38. Nc3 Ra8 39.
Rd1 Kc7 40. Nxd5+ 1/2-1/2

[Event "GBR-ch85"]
[Site "Torquay"]
[Date "1998.08.06"]
[Round "10.20"]
[White "Kennaugh, Charles"]
[Black "Jackson, Sheila"]
[Result "1/2-1/2"]
[WhiteElo "2290"]
[BlackElo "2165"]
[PlyCount "109"]
[EventDate "1998.07.27"]
[EventType "swiss"]
[EventRounds "11"]
[EventCountry "GBR"]
[SourceTitle "BritBase"]
[Source "britbase.info"]
[SourceDate "2021.07.30"]
[SourceVersion "1"]
[SourceVersionDate "2021.07.30"]
[SourceQuality "1"]

1. e4 e5 2. f4 exf4 3. Bc4 Ne7 4. Nc3 Ng6 5. d4 Be7 6. Nge2 O-O 7. O-O c6 8.
Nxf4 b5 9. Bb3 Nxf4 10. Bxf4 b4 11. Ne2 d6 12. Ng3 a5 13. a4 bxa3 14. Rxa3 d5
15. Ra4 Be6 16. Qe1 Nd7 17. Bd2 Bd6 18. Bxa5 Bxg3 19. Bxd8 Bxe1 20. Rxa8 Bh4
21. Bxh4 Rxa8 22. Re1 h6 23. Be7 Re8 24. Bb4 dxe4 25. Rxe4 Nf6 26. Re3 Bxb3 27.
Rxb3 Re2 28. c4 Rc2 29. Bc3 Ng4 30. g3 Rc1+ 31. Kg2 Ne3+ 32. Kf3 Nxc4 33. Rb4
Nd6 34. Rb8+ Kh7 35. Rb6 Nb5 36. d5 Nxc3 37. Rxc6 Rf1+ 38. Kg2 Rd1 39. bxc3
Rxd5 40. Kf3 f5 41. h4 g5 42. h5 Rd3+ 43. Kf2 g4 44. Rc7+ Kg8 45. c4 Rf3+ 46.
Kg2 Rc3 47. c5 Rc2+ 48. Kf1 Kf8 49. c6 Ke8 50. Rc8+ Ke7 51. c7 Kd7 52. Rh8 Kxc7
53. Rxh6 Rh2 54. Kg1 Rh3 55. Kg2 1/2-1/2

[Event "GBR-ch85"]
[Site "Torquay"]
[Date "1998.08.06"]
[Round "10.21"]
[White "Lewis, Andrew P"]
[Black "Buckley, Melanie"]
[Result "1-0"]
[WhiteElo "2275"]
[BlackElo "2005"]
[PlyCount "137"]
[EventDate "1998.07.27"]
[EventType "swiss"]
[EventRounds "11"]
[EventCountry "GBR"]
[SourceTitle "BritBase"]
[Source "britbase.info"]
[SourceDate "2021.07.30"]
[SourceVersion "1"]
[SourceVersionDate "2021.07.30"]
[SourceQuality "1"]

1. c4 Nf6 2. Nf3 g6 3. Nc3 d5 4. cxd5 Nxd5 5. e4 Nxc3 6. dxc3 Qxd1+ 7. Kxd1 Bg4
8. Bf4 c6 9. Kc2 Bxf3 10. gxf3 Nd7 11. Bh3 O-O-O 12. Be3 b6 13. f4 Bh6 14. a4
Kb7 15. b4 e5 16. Rhd1 Nf6 17. fxe5 Bxe3 18. fxe3 Nxe4 19. Bg2 Ng5 20. b5 Kc7
21. Bxc6 Rxd1 22. Rxd1 Rd8 23. Rf1 Rf8 24. Bd5 Kd7 25. Rf6 Ke7 26. Rc6 Rd8 27.
c4 Rd7 28. a5 bxa5 29. Ra6 h5 30. Rxa5 h4 31. Ra6 Kd8 32. Kc3 Kc8 33. Kb4 h3
34. Rf6 Kc7 35. Ra6 Kb8 36. Rf6 Kc7 37. Ka5 Re7 38. Ka6 Kb8 39. Rd6 Rxe5 40.
Rd8+ Kc7 41. Ra8 Rxe3 42. Rxa7+ Kd6 43. Kb6 Re2 44. Bb7 Ne6 45. Ra1 Rd2 46. Rc1
Nc5 47. Bc8 f5 48. Rg1 Na4+ 49. Ka5 Kc7 50. Be6 Nc5 51. Rxg6 Nxe6 52. Rxe6 Rxh2
53. Rh6 Ra2+ 54. Kb4 h2 55. Kc5 Rc2 56. Rh7+ Kc8 57. Kd5 f4 58. c5 Rg2 59. Rh8+
Kb7 60. Rh7+ Kb8 61. b6 f3 62. c6 Rg8 63. Rxh2 Rf8 64. Rf2 Rf6 65. Kc5 Kc8 66.
Ra2 Kb8 67. c7+ Kb7 68. Ra7+ Kc8 69. Ra8+ 1-0

[Event "GBR-ch85"]
[Site "Torquay"]
[Date "1998.08.06"]
[Round "10.23"]
[White "Buckley, Simon"]
[Black "Moskovic, David M"]
[Result "0-1"]
[WhiteElo "2120"]
[BlackElo "2235"]
[PlyCount "34"]
[EventDate "1998.07.27"]
[EventType "swiss"]
[EventRounds "11"]
[EventCountry "GBR"]
[SourceTitle "BritBase"]
[Source "britbase.info"]
[SourceDate "2021.07.30"]
[SourceVersion "1"]
[SourceVersionDate "2021.07.30"]
[SourceQuality "1"]

1. d4 Nf6 2. Nf3 g6 3. Bg5 Bg7 4. Nbd2 O-O 5. e4 d5 6. e5 Ne4 7. Bf4 c5 8. c3
Nc6 9. Bd3 Bf5 10. Qb1 cxd4 11. cxd4 Nb4 12. Bxe4 dxe4 13. g4 Nd3+ 14. Kf1 Nxf4
15. gxf5 exf3 16. Qe4 Bh6 17. Rg1 Qd5 0-1

[Event "GBR-ch85"]
[Site "Torquay"]
[Date "1998.08.06"]
[Round "10.24"]
[White "Stephenson, F Norman"]
[Black "Rayner, Francis"]
[Result "1-0"]
[WhiteElo "2215"]
[BlackElo "2235"]
[PlyCount "75"]
[EventDate "1998.07.27"]
[EventType "swiss"]
[EventRounds "11"]
[EventCountry "GBR"]
[SourceTitle "BritBase"]
[Source "britbase.info"]
[SourceDate "2021.07.30"]
[SourceVersion "1"]
[SourceVersionDate "2021.07.30"]
[SourceQuality "1"]

1. d4 Nf6 2. c4 g6 3. Nc3 Bg7 4. e4 O-O 5. Bd3 d6 6. Nge2 e5 7. d5 c6 8. O-O
cxd5 9. cxd5 Nbd7 10. h3 Ne8 11. Be3 f5 12. exf5 gxf5 13. f4 e4 14. Bc2 Ndf6
15. Nd4 Nc7 16. Bb3 Kh8 17. Rc1 Bd7 18. Qe2 Qe8 19. Rfd1 Rc8 20. Rc2 Qe7 21.
Rcd2 Nfe8 22. Qf2 a6 23. Nce2 Nf6 24. Ng3 Nfxd5 25. Bxd5 Nxd5 26. Ndxf5 Bxf5
27. Rxd5 Be6 28. Rxd6 Be5 29. R6d2 Bxa2 30. Rd7 Qb4 31. Qe2 Bxb2 32. Qh5 Bg8
33. Rb1 Qa3 34. Nf1 Rcd8 35. Rxb2 Rxd7 36. Bd4+ Rg7 37. Rxb7 Bf7 38. Rxf7 1-0

[Event "GBR-ch85"]
[Site "Torquay"]
[Date "1998.08.06"]
[Round "10.25"]
[White "Alfred, Nathan"]
[Black "Beaumont, Chris"]
[Result "1-0"]
[WhiteElo "2235"]
[BlackElo "2330"]
[PlyCount "63"]
[EventDate "1998.07.27"]
[EventType "swiss"]
[EventRounds "11"]
[EventCountry "GBR"]
[SourceTitle "BritBase"]
[Source "britbase.info"]
[SourceDate "2021.07.30"]
[SourceVersion "1"]
[SourceVersionDate "2021.07.30"]
[SourceQuality "1"]

1. e4 c5 2. Nf3 g6 3. d4 cxd4 4. Qxd4 Nf6 5. Bb5 a6 6. Ba4 b5 7. Bb3 Nc6 8. Qd3
Bg7 9. O-O O-O 10. c3 Bb7 11. Re1 d6 12. Nbd2 Nd7 13. h4 Nc5 14. Qe2 b4 15. c4
a5 16. Bc2 a4 17. Rb1 b3 18. axb3 Nb4 19. Bd1 Nbd3 20. bxa4 Nxe1 21. Nxe1 Nxa4
22. h5 e6 23. Ndf3 d5 24. cxd5 exd5 25. e5 d4 26. hxg6 hxg6 27. e6 Qe7 28. Bb3
fxe6 29. Bxe6+ Kh8 30. Bg5 Qd6 31. Nh4 Kh7 32. Nxg6 1-0

[Event "GBR-ch85"]
[Site "Torquay"]
[Date "1998.08.06"]
[Round "10.27"]
[White "Hanley, Craig"]
[Black "Ledger, David"]
[Result "0-1"]
[WhiteElo "2010"]
[BlackElo "2220"]
[PlyCount "44"]
[EventDate "1998.07.27"]
[EventType "swiss"]
[EventRounds "11"]
[EventCountry "GBR"]
[SourceTitle "BritBase"]
[Source "britbase.info"]
[SourceDate "2021.07.30"]
[SourceVersion "1"]
[SourceVersionDate "2021.07.30"]
[SourceQuality "1"]

1. c4 e5 2. Nc3 Nc6 3. g3 d6 4. Bg2 Be6 5. d3 Qd7 6. a3 g6 7. b4 Bg7 8. e4 Nge7
9. Nge2 O-O 10. O-O Rae8 11. Nd5 f5 12. Rb1 Nd8 13. Be3 Nc8 14. c5 Bf7 15. Qd2
Ne6 16. f4 Nd4 17. cxd6 Nxe2+ 18. Qxe2 Bxd5 19. exd5 exf4 20. gxf4 Bd4 21. Rf3
Rxe3 22. Rxe3 Re8 0-1

[Event "GBR-ch85"]
[Site "Torquay"]
[Date "1998.08.07"]
[Round "11.4"]
[White "Thipsay, Praveen"]
[Black "Ward, Christopher G"]
[Result "0-1"]
[WhiteElo "2450"]
[BlackElo "2505"]
[PlyCount "84"]
[EventDate "1998.07.27"]
[EventType "swiss"]
[EventRounds "11"]
[EventCountry "GBR"]
[SourceTitle "BritBase"]
[Source "britbase.info"]
[SourceDate "2021.07.30"]
[SourceVersion "1"]
[SourceVersionDate "2021.07.30"]
[SourceQuality "1"]

1. e4 c5 2. Nf3 d6 3. d4 cxd4 4. Nxd4 Nf6 5. Nc3 g6 6. Be2 Bg7 7. O-O O-O 8.
Be3 Nc6 9. Nb3 a6 10. Kh1 Be6 11. f4 Rc8 12. a4 Na5 13. Bd4 Bxb3 14. cxb3 e6
15. f5 Nc6 16. fxe6 fxe6 17. Be3 Qe7 18. Qd2 Ne5 19. Rad1 Ne8 20. Bg5 Rxf1+ 21.
Rxf1 Bf6 22. Bf4 Nf7 23. Bc4 Be5 24. Be3 Nf6 25. Qe2 Kg7 26. Qf3 h5 27. h3 g5
28. Bc1 Rh8 29. Ne2 Rh6 30. Qe3 Rg6 31. Nd4 Bxd4 32. Qxd4 Ne5 33. Rd1 Ne8 34.
Be2 g4 35. Bf4 gxh3 36. Bxe5+ dxe5 37. Qxe5+ Qf6 38. Rd7+ Kg8 39. Qb8 hxg2+ 40.
Kg1 Qf2+ 41. Kxf2 g1=Q+ 42. Kf3 Rf6+ 0-1

[Event "GBR-ch85"]
[Site "Torquay"]
[Date "1998.08.07"]
[Round "11.5"]
[White "Houska, Miroslav"]
[Black "Sasikiran, Krishnan"]
[Result "1/2-1/2"]
[WhiteElo "2375"]
[BlackElo "2470"]
[PlyCount "81"]
[EventDate "1998.07.27"]
[EventType "swiss"]
[EventRounds "11"]
[EventCountry "GBR"]
[SourceTitle "BritBase"]
[Source "britbase.info"]
[SourceDate "2021.07.30"]
[SourceVersion "1"]
[SourceVersionDate "2021.07.30"]
[SourceQuality "1"]

1. d4 Nf6 2. c4 g6 3. Nc3 Bg7 4. e4 d6 5. f4 O-O 6. Nf3 c5 7. d5 b5 8. cxb5 a6
9. a4 e6 10. dxe6 Bxe6 11. Be2 axb5 12. Bxb5 d5 13. exd5 Nxd5 14. Nxd5 Bxd5 15.
O-O Nc6 16. Be3 c4 17. Qd2 Bxf3 18. Rxf3 Nd4 19. Bxd4 Qxd4+ 20. Rf2 Qc5 21. Rd1
Bf6 22. Kf1 Qh5 23. Qd5 Qxh2 24. g4 Qh3+ 25. Qg2 Qb3 26. Qf3 Qb4 27. Rc1 Rac8
28. Rfc2 Rc5 29. Rxc4 Rxc4 30. Rxc4 Qxb2 31. Re4 Kg7 32. Re8 Qc1+ 33. Kg2 Rxe8
34. Bxe8 Bd4 35. Bc6 Bb6 36. f5 gxf5 37. gxf5 Kf6 38. Qe4 Qg1+ 39. Kh3 Bc7 40.
Qh4+ Kg7 41. Qg4+ 1/2-1/2

[Event "GBR-ch85"]
[Site "Torquay"]
[Date "1998.08.07"]
[Round "11.7"]
[White "Ledger, Andrew"]
[Black "Martin, Andrew D"]
[Result "1/2-1/2"]
[WhiteElo "2450"]
[BlackElo "2445"]
[PlyCount "36"]
[EventDate "1998.07.27"]
[EventType "swiss"]
[EventRounds "11"]
[EventCountry "GBR"]
[SourceTitle "BritBase"]
[Source "britbase.info"]
[SourceDate "2021.07.30"]
[SourceVersion "1"]
[SourceVersionDate "2021.07.30"]
[SourceQuality "1"]

1. e4 e6 2. d4 d5 3. Nd2 c5 4. Ngf3 Nc6 5. exd5 exd5 6. Bb5 Bd6 7. dxc5 Bxc5 8.
O-O Nge7 9. Nb3 Bd6 10. Bg5 O-O 11. Bh4 Qb6 12. Be2 a5 13. a4 Nf5 14. Bg3 Bxg3
15. hxg3 Nxg3 16. Re1 Nxe2+ 17. Rxe2 Bg4 18. Qxd5 Rad8 1/2-1/2

[Event "GBR-ch85"]
[Site "Torquay"]
[Date "1998.08.07"]
[Round "11.11"]
[White "Levitt, Jonathan P"]
[Black "Williams, Simon Kim"]
[Result "0-1"]
[WhiteElo "2430"]
[BlackElo "2335"]
[PlyCount "118"]
[EventDate "1998.07.27"]
[EventType "swiss"]
[EventRounds "11"]
[EventCountry "GBR"]
[SourceTitle "BritBase"]
[Source "britbase.info"]
[SourceDate "2021.07.30"]
[SourceVersion "1"]
[SourceVersionDate "2021.07.30"]
[SourceQuality "1"]

1. d4 e6 2. c4 f5 3. g3 Nf6 4. Bg2 c6 5. d5 cxd5 6. cxd5 e5 7. Nc3 Bc5 8. Nf3
d6 9. O-O h6 10. Na4 Na6 11. Nxc5 Nxc5 12. Be3 b6 13. Nd2 a5 14. Bxc5 bxc5 15.
e4 O-O 16. exf5 Bxf5 17. Nc4 Rb8 18. Qd2 Rb4 19. Rac1 a4 20. Rfe1 Qd7 21. Rc3
Ne8 22. a3 Rb8 23. f4 exf4 24. Qxf4 Bh3 25. Qd2 Bxg2 26. Kxg2 Nc7 27. Rce3 Nb5
28. Qd3 Nd4 29. Qg6 Qb7 30. Qxd6 Qf7 31. Re7 Qf3+ 32. Kg1 Rb7 33. R7e3 Qf2+ 34.
Kh1 Nc2 35. Qe6+ Rbf7 36. d6 Nxe1 37. Rxe1 Qxe1+ 38. Qxe1 Rf1+ 39. Qxf1 Rxf1+
40. Kg2 Rd1 41. Kf3 Rd4 42. Nb6 Kf7 43. Nd7 Ke6 44. Nxc5+ Kxd6 45. Ne4+ Ke5 46.
Nc3 g5 47. Ke3 h5 48. Ke2 h4 49. Ke3 h3 50. Ke2 Rc4 51. Ke3 g4 52. Kd3 Rc8 53.
Ke2 Rb8 54. Nxa4 Rb3 55. Kf2 Kd4 56. Kf1 Ke3 57. Nc3 Kf3 58. Nd1 Rd3 59. Nf2
Rd2 0-1

[Event "GBR-ch85"]
[Site "Torquay"]
[Date "1998.08.07"]
[Round "11.12"]
[White "Kelly, Brian"]
[Black "Hinks-Edwards, Thomas"]
[Result "1/2-1/2"]
[WhiteElo "2405"]
[BlackElo "2315"]
[PlyCount "44"]
[EventDate "1998.07.27"]
[EventType "swiss"]
[EventRounds "11"]
[EventCountry "GBR"]
[SourceTitle "BritBase"]
[Source "britbase.info"]
[SourceDate "2021.07.30"]
[SourceVersion "1"]
[SourceVersionDate "2021.07.30"]
[SourceQuality "1"]

1. d4 g6 2. c4 Bg7 3. Nc3 d6 4. e4 Nc6 5. Be3 e5 6. d5 Nce7 7. g4 f5 8. gxf5
gxf5 9. Qh5+ Ng6 10. exf5 Qh4 11. Qf3 Nf4 12. Nh3 Ne7 13. Nxf4 exf4 14. Qxf4
Qf6 15. O-O-O Nxf5 16. Bd3 Kf7 17. Qf3 Nxe3 18. Qh5+ Ke7 19. fxe3 Qe5 20. Qh4+
Bf6 21. Qf4 Bd7 22. Rdf1 Raf8 1/2-1/2

[Event "GBR-ch85"]
[Site "Torquay"]
[Date "1998.08.07"]
[Round "11.15"]
[White "Wall, Gavin"]
[Black "Jackson, Oliver"]
[Result "1/2-1/2"]
[WhiteElo "2355"]
[BlackElo "2255"]
[PlyCount "45"]
[EventDate "1998.07.27"]
[EventType "swiss"]
[EventRounds "11"]
[EventCountry "GBR"]
[SourceTitle "BritBase"]
[Source "britbase.info"]
[SourceDate "2021.07.30"]
[SourceVersion "1"]
[SourceVersionDate "2021.07.30"]
[SourceQuality "1"]

1. e4 c5 2. Nf3 e6 3. c3 Nf6 4. e5 Nd5 5. d4 cxd4 6. cxd4 Bb4+ 7. Bd2 Bxd2+ 8.
Qxd2 O-O 9. Bc4 d6 10. O-O Nc6 11. Rd1 dxe5 12. dxe5 Nb6 13. Bb5 Qxd2 14. Rxd2
Bd7 15. Nc3 a6 16. Na4 Nd5 17. Bc4 Nxe5 18. Bxd5 exd5 19. Nxe5 Bxa4 20. Rxd5
Rad8 21. Rxd8 Rxd8 22. Nc4 Bb5 23. Ne3 1/2-1/2

[Event "GBR-ch85"]
[Site "Torquay"]
[Date "1998.08.07"]
[Round "11.17"]
[White "Lewis, Andrew P"]
[Black "Tebb, David"]
[Result "0-1"]
[WhiteElo "2275"]
[BlackElo "2250"]
[PlyCount "106"]
[EventDate "1998.07.27"]
[EventType "swiss"]
[EventRounds "11"]
[EventCountry "GBR"]
[SourceTitle "BritBase Aug 2004"]

1. c4 e5 2. g3 Nf6 3. Bg2 d5 4. cxd5 Nxd5 5. Nc3 Nb6 6. Nf3 Nc6 7. O-O Be7 8.
d3 O-O 9. Be3 Be6 10. Qd2 f6 11. Rfc1 Nd4 12. Bxd4 exd4 13. Nb5 c5 14. b4 a6
15. bxc5 axb5 16. cxb6 Qxb6 17. Rcb1 Ra4 18. Qb2 Rc8 19. a3 Rc3 20. Nxd4 Qxd4
21. Qxb5 Ra8 22. Qxb7 Ra7 23. Qb5 Rc8 24. a4 Rac7 25. Be4 Rc5 26. Qb7 Bh3 27.
e3 Qc3 28. Rd1 R5c7 29. Qd5+ Kh8 30. Qh5 f5 31. Bxf5 Bxf5 32. Qxf5 Rf8 33. Qd5
Qb2 34. Qg2 Rc2 35. Rab1 Qc3 36. Rf1 Qxd3 37. Rbd1 Qb3 38. Qe4 Bc5 39. Rb1 Qc3
40. Rbd1 Rcxf2 41. Rxf2 Bxe3 42. Qf5 Qa3 43. Kg2 Bxf2 44. Qe4 Bb6 45. h4 Bc7
46. Rd3 Qb2+ 47. Kh3 Qf2 48. Kg4 Qg1 49. Qe7 Qf1 50. Qe4 g6 51. Rd7 Bd8 52. h5
gxh5+ 53. Kxh5 Qh3+ 0-1

[Event "GBR-ch85"]
[Site "Torquay"]
[Date "1998.08.07"]
[Round "11.20"]
[White "Ledger, David"]
[Black "Alfred, Nathan"]
[Result "1/2-1/2"]
[WhiteElo "2220"]
[BlackElo "2235"]
[PlyCount "40"]
[EventDate "1998.07.27"]
[EventType "swiss"]
[EventRounds "11"]
[EventCountry "GBR"]
[SourceTitle "BritBase"]
[Source "britbase.info"]
[SourceDate "2021.07.30"]
[SourceVersion "1"]
[SourceVersionDate "2021.07.30"]
[SourceQuality "1"]

1. e4 c5 2. Nc3 Nc6 3. g3 g6 4. d3 Bg7 5. Be3 d6 6. Qd2 e6 7. Bg2 Qa5 8. Nge2
Nd4 9. Nc1 Ne7 10. O-O O-O 11. Nd5 Qd8 12. Nxe7+ Qxe7 13. c3 Nc6 14. f4 f5 15.
Nb3 Qc7 16. Rad1 a5 17. a3 a4 18. Na1 Na5 19. exf5 gxf5 20. Qe2 d5 1/2-1/2

[Event "GBR-ch85"]
[Site "Torquay"]
[Date "1998.08.07"]
[Round "11.22"]
[White "Houska, Jovanka"]
[Black "Kennaugh, Charles"]
[Result "1/2-1/2"]
[WhiteElo "2190"]
[BlackElo "2290"]
[PlyCount "122"]
[EventDate "1998.07.27"]
[EventType "swiss"]
[EventRounds "11"]
[EventCountry "GBR"]
[SourceTitle "BritBase Aug 2004"]

1. e4 e5 2. Nf3 Nc6 3. d4 exd4 4. c3 d5 5. exd5 Qxd5 6. cxd4 Nf6 7. Nc3 Bb4 8.
Be2 Ne4 9. Bd2 Bxc3 10. bxc3 O-O 11. O-O Bg4 12. h3 Bh5 13. Re1 Rfe8 14. Qc2
Nxd2 15. Qxd2 Na5 16. Rab1 a6 17. Qb2 b6 18. Rbc1 Rad8 19. c4 Qd6 20. c5 Qf6
21. cxb6 cxb6 22. Bxa6 Bxf3 23. gxf3 Rxe1+ 24. Rxe1 g6 25. Rb1 Rd6 26. Qb4 Nc6
27. Qxb6 Nxd4 28. Qb8+ Kg7 29. Bb7 Re6 30. Be4 Ne2+ 31. Kf1 Nf4 32. Qb2 Re5 33.
h4 Kh6 34. Qd4 Qxh4 35. Ke1 Rd5 36. Qc4 Qe7 37. Qc1 Qg5 38. Qc4 Qe7 39. Qc1 g5
40. Rb6+ Kg7 41. Qc3+ f6 42. Qc6 Rd7 43. Rb7 Nd3+ 44. Kd1 Rxb7 45. Qxb7 Qxb7
46. Bxb7 Nc5 47. Be4 h5 48. Bf5 Kf7 49. Ke2 Ke7 50. Ke3 Kd6 51. f4 Kd5 52. fxg5
fxg5 53. Bg6 h4 54. Bf5 Ke5 55. Bc8 Kd5 56. Kf3 Ke5 57. Kg4 Ne4 58. f3 Nf2+ 59.
Kxg5 h3 60. f4+ Kd4 61. Bxh3 Nxh3+ 1/2-1/2

[Event "GBR-ch85"]
[Site "Torquay"]
[Date "1998.08.07"]
[Round "11.23"]
[White "Jackson, Sheila"]
[Black "Coleman, David"]
[Result "0-1"]
[WhiteElo "2165"]
[BlackElo "2245"]
[PlyCount "77"]
[EventDate "1998.07.27"]
[EventType "swiss"]
[EventRounds "11"]
[EventCountry "GBR"]
[SourceTitle "BritBase"]
[Source "britbase.info"]
[SourceDate "2021.07.30"]
[SourceVersion "1"]
[SourceVersionDate "2021.07.30"]
[SourceQuality "1"]

1. e4 d5 2. exd5 Qxd5 3. Nc3 Qa5 4. d4 Nf6 5. Nf3 Bf5 6. Bc4 e6 7. O-O c6 8.
Ne5 Nbd7 9. Nxd7 Kxd7 10. Bf4 Rd8 11. Ne2 Kc8 12. c3 Bd6 13. Bxd6 Rxd6 14. b4
Qc7 15. Ng3 Bg6 16. f4 Nd5 17. Qd2 f5 18. Rae1 Bf7 19. Be2 h6 20. Bd3 g6 21.
Ne2 Rdd8 22. Kh1 g5 23. g3 Nf6 24. Ng1 g4 25. Ne2 h5 26. Kg1 h4 27. Qe3 hxg3
28. Nxg3 Nd5 29. Qd2 Qd7 30. Rf2 Rh6 31. a3 Nf6 32. Re5 Kb8 33. b5 Nh5 34. bxc6
Qxc6 35. Nxh5 Rxh5 36. Bb5 Qc7 37. Qe3 Rh3 38. Qe1 g3 39. hxg3 {time} 0-1